| 000 | 00856nas a2200253Ia 4500 | ||
|---|---|---|---|
| 001 | R122/87026 | ||
| 003 | IT-RoPAU | ||
| 008 | 151124c99999999xx |||||||||||| ||und|| | ||
| 040 | _aIT-RoPAU | ||
| 040 | _cIT-RoPAU | ||
| 041 | _aITALIANO | ||
| 100 |
_aBarilli Renato _gCodice Aut. SPICS: 9544 |
||
| 210 | _aMASS MEDIA | ||
| 222 | _aMass Media | ||
| 245 |
_aMASS MEDIA, ANNO 09-N.1 (GENNAIO/FEBBRAIO 1990) _bElettronica E L'Impero (L') |
||
| 250 | _a1a ed. | ||
| 260 |
_aITALIA _bCAPONE CAVALLINO DI LECCE _c1990 |
||
| 501 |
_bPaulus - SPICS - Società San Paolo EM (non-commercial uses only) _cCopyright2015 |
||
| 300 | _a5 p. [5-9] | ||
| 362 | _aANNO 009, N.01 (GENNAIO/FEBBRAIO 1990) | ||
| 500 | _aComunicazione, Comunismo e Crolli dell'Est. Mcluhan e Marx. Onda Sul Muro. | ||
| 650 |
_aCOMUNICAZIONE _vPUBBLICAZIONE PERIODICA |
||
| 942 | _cCR | ||
| 999 |
_c125408 _d125408 |
||